[Event "Omegna op-B 2nd"]
[Site "Omegna"]
[Date "2014.08.10"]
[Round "5"]
[White "Schgaguler, Gunther"]
[Black "Koureas, Panicos"]
[Result "1-0"]
[WhiteElo "1593"]
[BlackElo "1417"]
[PlyCount "138"]
[EventDate "2014.08.08"]
[EventType "swiss"]
[EventRounds "5"]
[EventCountry "ITA"]
[SourceTitle "EXT 2015"]
[Source "ChessBase"]
[SourceDate "2014.11.20"]
[SourceVersion "1"]
[SourceVersionDate "2014.11.20"]
[SourceQuality "1"]

1. e4 e5 2. Nf3 Nc6 3. Bb5 a6 4. Ba4 Nf6 5. 0-0 Be7 6. Re1 b5 7. Bb3 0-0 8. a3 d5 9. d3 Bg4 10. Nbd2 dxe4 11. dxe4 Nd4 12. c3 Nxb3 13. Qxb3 Nd7 14. Qc2 Bc5 15. h3 Bh5 16. Nh2 Qf6 17. Ndf3 h6 18. Be3 Bxe3 19. Rxe3 Nc5 20. b4 Nb7 21. c4 Nd6 22. cxb5 Nxb5 23. Qc5 Nd4 24. Nxd4 exd4 25. Rd3 Be2 26. e5 Qg6 27. Rxd4 Rad8 28. Rxd8 Rxd8 29. Re1 Rd1 30. Rxd1 Bxd1 31. Qe3 Qb1 32. Qe1 Qd3 33. Nf1 Ba4 34. e6 fxe6 35. Qxe6+ Kh7 36. Qe3 Qc4 37. Ng3 Qd5 38. Qe4+ Qxe4 39. Nxe4 Kg6 40. Nc5 Bb5 41. Kh2 Kf6 42. g4 Ke5 43. Kg3 g5 44. h4 Be2 45. hxg5 hxg5 46. f3 Bc4 47. Nd7+ Kd4 48. Nc5 a5 49. Ne4 axb4 50. axb4 Bg8 51. Nxg5 Kc4 52. f4 Kxb4 53. Ne4 Kc4 54. f5 Kd4 55. Kf4 Bd5 56. f6 Bf7 57. g5 Kd5 58. Kf5 Be6+ 59. Kg6 Kxe4 60. f7 Bxf7+ 61. Kxf7 c5 62. g6 c4 63. g7 c3 64. g8Q Kd3 65. Qg1 Kc2 66. Qf2+ Kb3 67. Qe3 Kb2 68. Qd4 Kc2 69. Qd5 Kb2 1-0

[Event "Chioggia op-B 07th"]
[Site "Chioggia"]
[Date "2012.10.13"]
[Round "2"]
[White "Schgaguler, Gunther"]
[Black "Adami, Antonio"]
[Result "1/2-1/2"]
[WhiteElo "1566"]
[BlackElo "1720"]
[PlyCount "98"]
[EventDate "2012.10.12"]
[EventType "swiss"]
[EventRounds "5"]
[EventCountry "ITA"]
[SourceTitle "EXT 2022"]
[Source "ChessBase"]
[SourceDate "2021.10.06"]
[SourceVersion "1"]
[SourceVersionDate "2021.10.06"]
[SourceQuality "1"]

1. e4 c5 2. c3 b6 3. d4 Bb7 4. d5 Nf6 5. Bd3 e6 6. c4 e5 7. Nf3 d6 8. 0-0 Be7 9. Nc3 0-0 10. Ne2 Bc8 11. Ng3 Bd7 12. Re1 Na6 13. a3 Nc7 14. h3 a6 15. Nf1 b5 16. b3 Nfe8 17. Bd2 a5 18. Qc1 f5 19. exf5 Bxf5 20. Bxf5 Rxf5 21. Ng3 Rf8 22. Ne4 Qd7 23. Bg5 Nf6 24. Qe3 Nxe4 25. Qxe4 bxc4 26. bxc4 Rab8 27. Bxe7 Qxe7 28. Rab1 a4 29. Qc2 Qd7 30. Ng5 g6 31. Ne4 Kg7 32. Rxb8 Rxb8 33. Rb1 Rxb1+ 34. Qxb1 Ne8 35. Qd1 h6 36. Nc3 Nf6 37. Qxa4 Kf7 38. Qb3 g5 39. f3 h5 40. Ne4 Nxe4 41. fxe4 g4 42. hxg4 hxg4 43. Qb5 Qe7 44. g3 Qg5 45. Qd7+ Kg8 46. Qe6+ Kg7 47. Qd7+ Kg8 48. Qe8+ Kg7 49. Qd7+ Kg8 1/2-1/2